Clubs du Centre Val de Loire (L1-N3) - Statistiques

Statistiques générales
  • Ce quiz a été pris 51 fois
  • Le résultat moyen est 13 sur 22
Statistiques - réponses
Hint Réponse % Correct
N1 (Loiret) Orléans
98%
N3 (Loiret) Orléans Réserve
98%
N1 (Indre) Châteauroux
96%
N3 (Indre) Châteauroux Réserve
93%
N3 (Indre et Loire) Tours
93%
N2 (Eure et Loir) Chartres
91%
N3 (Eure et Loir) Chartres Réserve
91%
N2 (Loir et Cher) Blois
87%
N2 (Cher) Bourges
80%
N3 (Cher) Bourges Réserve
80%
N3 (Loiret) Montargis
63%
N2 (Cher) Vierzon
63%
N3 (Eure et Loir) Dreux
57%
N2 (Loir et Cher) Romorantin-Lanthenay
52%
N3 (Indre et Loire) Avoine
43%
N3 (Loiret) Saran
30%
N3 (Indre et Loire) Chambray-lès-Tours
22%
N2 (Loiret) Saint-Pryvé Saint-Hilaire
22%
N3 (Loiret) Saint-Jean le Blanc
20%
N3 (Indre et Loire) Montlouis-sur-Loire
11%
N3 (Loiret) Chateauneuf-sur-Loire
9%
N3 (Indre et Loire) Ouest Tourangeau
7%
Aucun quiz correspondant
Distribution des résultats
% des personnes avec chaque résultat
Percentile par nombre de réponses
Votre historique - résultats
Vous n’avez pas pris ce quiz